000 00605nam 22002053 4500
001 198058
021 _aPT
_b551501/25
090 _a198058
100 _a20250923d u||y0pory50 ba
200 _aMemórias do rio Degebe
_edos moinhos e das sua gentes
210 _a[S.l.]
_cAssociação de Solidariedade Social dos Professores
_d2022
215 _a107 p.
_cfot. ; encadernado
_d24 cm
606 _93857
_aHistória
610 _aRio Degebe
610 _aMoinhos--[Alentejo]
675 _a94(469.512)
_vPT
_zpor
675 _a725.4(469.512)
_vPT
_zpor
801 _aPT
_bBMMN
_gRPC
830 _cAna
_fAna
990 _cLIVROS